000 01127nam a2200193Ia 4500
003 Ost
005 20260507075018.0
008 260507s9999||||xx |||||||||||||| ||und||
040 _cfsecg
041 _aara
082 _a658.80183
100 _aالمعجارمة، تيسير
_eمؤلف
245 0 _aنظام المعلومات التسويقية /
_c تيسير المعجارمة
260 _aعمان:
_bدار مكتبة الحامد,
_c2002
300 _a167 صفحة؛
_bإيضاحات ؛
_c24 سم
520 _aنظام المعلومات التسويقية-عناصر نظام اامعلومات التسويقية-مكونات نظام المعلومات التسويقية-أنواع المعلومات التسويقية ومصادرها-دور نظام المعلومات التسويقية في التخطيط للأنشطة التسويقية والرقابة عليها-دور نظام المعلومات التسويقية في صنع القرارات التسويقية-نظام دعم القرارات التسويقية
653 _aالتسويق-خدمات المعلومات
942 _cكتاب
999 _c42239
_d42239